Marketing research for the global construction industry.
| Main Author: | |
|---|---|
| Format: | Book |
| Published: |
Singapore:
Singapore University Press,
1993.
|
| Subjects: |
| LEADER | 00498cam a2200157 7i4500 | ||
|---|---|---|---|
| 001 | 0000004296 | ||
| 005 | 19991025090000.0 | ||
| 002 | ##000005770 | ||
| 020 | 0 | 0 | |a 9971-69-173-6 |
| 090 | 0 | 0 | |a B 658.83028 |b LOW |
| 100 | 1 | 0 | |a Low |
| 245 | 1 | 0 | |a Marketing research for the global construction industry. |
| 260 | 0 | 0 | |a Singapore: |b Singapore University Press, |c 1993. |
| 300 | 0 | 0 | |a 123 p.. |
| 650 | 0 | 0 | |a Marketing research# |a Construction industry -- |x Research |
| 999 | |a 0000006275 |b Book |c Open shelf |e Business Information Centre | ||


